Синтез иодониевых солей на основе 2-иодфенилбензимидазола; Высокие технологии в современной науке и технике (ВТСНТ-2017)

Podrobná bibliografie
Parent link:Высокие технологии в современной науке и технике (ВТСНТ-2017).— 2017.— [С. 183-184]
Hlavní autor: Власенко Ю. А. Юлия Александровна
Korporativní autor: Национальный исследовательский Томский политехнический университет (ТПУ) Институт природных ресурсов (ИПР) Кафедра технологии органических веществ и полимерных материалов (ТОВПМ)
Další autoři: Постников П. С. Павел Сергеевич (научный руководитель)
Shrnutí:Заглавие с титульного экрана
Jazyk:ruština
Vydáno: 2017
Edice:Химические технологии и биотехнологии
Témata:
On-line přístup:http://earchive.tpu.ru/handle/11683/45538
Médium: MixedMaterials Elektronický zdroj Kapitola
KOHA link:https://koha.lib.tpu.ru/cgi-bin/koha/opac-detail.pl?biblionumber=625443

MARC

LEADER 00000naa2a2200000 4500
001 625443
005 20231101133349.0
035 |a (RuTPU)RU\TPU\conf\24703 
035 |a RU\TPU\conf\24696 
090 |a 625443 
100 |a 20171213d2017 k y0rusy50 ca 
101 0 |a rus 
102 |a RU 
105 |a y z 101zy 
135 |a drcn ---uucaa 
181 0 |a i  
182 0 |a b 
200 1 |a Синтез иодониевых солей на основе 2-иодфенилбензимидазола  |f Ю. А. Власенко  |g науч. рук. П. С. Постников 
203 |a Текст  |c электронный 
225 1 |a Химические технологии и биотехнологии 
230 |a 1 компьютерный файл (pdf; 478 Kb) 
300 |a Заглавие с титульного экрана 
320 |a [Библиогр.: с. 184 (9 назв.)] 
463 1 |0 (RuTPU)RU\TPU\conf\24481  |t Высокие технологии в современной науке и технике (ВТСНТ-2017)  |o сборник научных трудов VI Международной научно-технической конференции молодых ученых, аспирантов и студентов, г. Томск, 27–29 ноября 2017 г.  |f Национальный исследовательский Томский политехнический университет (ТПУ) ; под ред. А. Н. Яковлева  |v [С. 183-184]  |d 2017 
610 1 |a электронные ресурсы 
610 1 |a труды учёных ТПУ 
610 1 |a соединения 
610 1 |a поливалентный иод 
610 1 |a селективность 
610 1 |a иодониевые соли 
610 1 |a окисление 
700 1 |a Власенко  |b Ю. А.  |c химик  |c инженер Томского политехнического университета  |f 1994-  |g Юлия Александровна  |2 stltpush  |3 (RuTPU)RU\TPU\pers\40238 
702 1 |a Постников  |b П. С.  |c химик-органик  |c старший преподаватель Томского политехнического университета, кандидат химических наук  |f 1984-  |g Павел Сергеевич  |2 stltpush  |4 727 
712 0 2 |a Национальный исследовательский Томский политехнический университет (ТПУ)  |b Институт природных ресурсов (ИПР)  |b Кафедра технологии органических веществ и полимерных материалов (ТОВПМ)  |h 6832  |2 stltpush  |3 (RuTPU)RU\TPU\col\18659 
801 2 |a RU  |b 63413507  |c 20180305  |g RCR 
856 4 |u http://earchive.tpu.ru/handle/11683/45538 
942 |c BK